000 nam a22 7a 4500
999 _c27281
_d27281
008 170208b xxu||||| |||| 00| 0 eng d
050 _aNK9704 .R35 1970
100 _aRich,Jack C.
245 _aSculpture in wood /
_cJack C. Rich
260 _aNew York :
_bOxford University Press,
_c1970.
300 _a155p. :
_bill. ;
_c24cm.
500 _aincludes index.
650 _a Wood-carving
942 _2lcc
_cBOOKS
_hNK9704 .R35 1970